[Event "IECC CL4-2006.05 email"]
[Site "IECC email"]
[Date "2006.04.05"]
[Round "?"]
[White "Gueney, Oemer"]
[Black "Sanchez, Christian"]
[Result "1/2-1/2"]
[WhiteElo "1625"]
[BlackElo "1547"]
[PlyCount "79"]
[EventDate "2006.??.??"]
[EventType "tourn (corr)"]
[EventRounds "4"]
[SourceTitle "Corr 2015"]
[Source "ChessBase"]
[SourceDate "2015.07.17"]
[SourceVersion "1"]
[SourceVersionDate "2015.07.17"]
[SourceQuality "1"]
[WhiteTeam "Turkey"]
[BlackTeam "Argentina"]
[WhiteTeamCountry "TUR"]
[BlackTeamCountry "ARG"]

1. d4 Nf6 2. c4 c5 3. d5 b5 4. cxb5 a6 5. bxa6 g6 6. Nc3 Bxa6 7. e4 Bxf1 8. Kxf1 d6 9. g3 Bg7 10. Kg2 0-0 11. Nf3 Nbd7 12. h3 Qa5 13. Re1 Rfb8 14. e5 dxe5 15. Nxe5 Nxe5 16. Rxe5 Rb7 17. Qf3 Ne8 18. Re2 Nd6 19. g4 Nc4 20. a3 Rd8 21. Rc2 Nd6 22. Ra2 c4 23. a4 Rb3 24. Bd2 Qa6 25. Qe2 Re8 26. Bf4 e5 27. Bg5 h6 28. Be3 Qa5 29. Qd2 Kh7 30. Ne4 c3 31. Nxc3 Nc4 32. Qd3 Nd6 33. Qd1 Reb8 34. Bd2 Nc4 35. Qe2 Rc8 36. Kg1 Qd8 37. Bc1 Qa5 38. Bd2 Qd8 39. Bc1 Qa5 40. Bd2 1/2-1/2

[Event "IECC CL4-2006.05 email"]
[Site "IECC email"]
[Date "2006.04.05"]
[Round "?"]
[White "Tavani, Alberto"]
[Black "Gueney, Oemer"]
[Result "1-0"]
[WhiteElo "1760"]
[BlackElo "1635"]
[PlyCount "93"]
[EventDate "2006.??.??"]
[EventType "tourn (corr)"]
[EventRounds "4"]
[SourceTitle "Corr 2015"]
[Source "ChessBase"]
[SourceDate "2015.07.17"]
[SourceVersion "1"]
[SourceVersionDate "2015.07.17"]
[SourceQuality "1"]
[WhiteTeam "Italy"]
[BlackTeam "Turkey"]
[WhiteTeamCountry "ITA"]
[BlackTeamCountry "TUR"]

1. e4 c5 2. Nf3 d6 3. d4 cxd4 4. Nxd4 Nf6 5. Nc3 a6 6. Bg5 e6 7. f4 Be7 8. Qf3 Qc7 9. 0-0-0 Nbd7 10. g4 b5 11. Bxf6 Nxf6 12. g5 Nd7 13. f5 Ne5 14. Qg3 Qc5 15. Kb1 b4 16. Nce2 exf5 17. exf5 0-0 18. f6 Bd8 19. Bg2 Rb8 20. Nf4 Bg4 21. Nb3 Qc7 22. Nd5 Qc8 23. fxg7 Kxg7 24. Rd4 Bf5 25. Ne3 Be7 26. Nxf5+ Qxf5 27. h4 Qc8 28. Rf1 Qc7 29. Rd5 Rbc8 30. Be4 Qc4 31. Re1 Qc7 32. Qh3 Rfe8 33. Qf5 Ng6 34. Bd3 Kh8 35. h5 Nf8 36. Bxa6 Ra8 37. Bb5 Rec8 38. Bc6 Rab8 39. Nd4 Qd8 40. Ba4 Bxg5 41. Qxg5 Qxg5 42. Rxg5 Rc5 43. Rxc5 dxc5 44. Nc6 Rc8 45. Rg1 Rc7 46. h6 Ng6 47. Rg5 1-0